Erbové listiny (Patents of arms) zostavil Milan Šišmiš. Martin: Slovenská genealogicko-heraldická spoločnosť 2006. 236 s.

Bibliographic Details
Main Author: Vítek, Peter, 1970- (Author)
Format: Article
Language:Slovak
ISSN:0231-6722
Subjects:

MARC

LEADER 00000nab a2200000 a 4500
001 vtls009005572
003 SK-MaSNL
005 20260426085210.0
008 250507c2007 xo |||| |o| 000 b|slo
015 |a SNBRB2007/07  |2 snkbucl 
035 |a (uuid)15fb859b-b95b-464c-9c28-c8d8de7a57e9 
035 |a urn:nbn:sk:snk-ab7hw3 
035 |a (urnnbn)urn:nbn:sk:snk:ar-005t96 
038 |a SNKBUCL 
040 |a SNKBUCL  |b slo  |c SNKBUCL  |e AACR2 
041 0 |a slo 
044 |a xo  |c SK 
080 |a 929.6  |x (048)  |2 1997 
080 |a 061.3  |2 1997 
100 1 |a Vítek, Peter,  |d 1970-  |4 aut  |9 180201 
245 1 0 |a Erbové listiny (Patents of arms)  |b zostavil Milan Šišmiš. Martin: Slovenská genealogicko-heraldická spoločnosť 2006. 236 s.  |c Peter Vítek 
648 7 |a 2006  |2 snkbucl  |9 313148 
650 0 7 |a erbové listiny  |2 snkbucl  |9 31793 
650 0 7 |a konferencie  |2 snkbucl  |9 19221 
651 7 |a Martin (Slovensko)  |2 snkbucl  |9 16875 
655 7 |a recenzie  |2 snkbucl  |9 21907 
655 7 |a zborníky konferencií  |2 snkbucl  |9 70153 
740 0 2 |a Patents of arms 
773 0 |t Slovenská archivistika  |g Roč. XLII, č. 1 (2007), s. 100-104  |x 0231-6722 
787 0 8 |i Rec.:  |a Šišmiš, Milan, 1964- (zost.)  |t Erbové listiny  |d Martin : Slovenská genealogicko-heraldická spoločnosť, 2006  |z 808902386X 
850 |a Slovenská národná knižnica 
852 |a Slovenská národná knižnica 
954 |a odborná, vedecká literatúra pôvodná (slovenská)  |2 lita 
958 |a article7 
958 |a OND 
958 |a RC 
958 |a EUIPO 
999 |c 2956927  |d 2958857